[Event "Costa Viola op-B 5th"]
[Site "Palmi"]
[Date "2012.01.05"]
[Round "6"]
[White "Violi, Vincenzo"]
[Black "Della Rocca, Giorgio"]
[Result "1-0"]
[WhiteElo "1813"]
[BlackElo "1855"]
[PlyCount "49"]
[EventDate "2012.01.02"]
[EventType "swiss"]
[EventRounds "8"]
[EventCountry "ITA"]
[SourceTitle "EXT 2023"]
[Source "ChessBase"]
[SourceDate "2022.10.05"]
[SourceVersion "1"]
[SourceVersionDate "2022.10.05"]
[SourceQuality "1"]

1. e4 d5 2. exd5 e5 3. Nf3 e4 4. Qe2 Qe7 5. Nd4 a6 6. a4 Nf6 7. Nc3 Bg4 8. Qc4 g6 9. h3 Bf5 10. Be2 h5 11. Nxf5 gxf5 12. d3 Bh6 13. Bxh6 Rxh6 14. dxe4 fxe4 15. 0-0-0 Kf8 16. g4 hxg4 17. hxg4 b5 18. Qd4 Rxh1 19. Rxh1 b4 20. g5 Ng8 21. Nxe4 Nd7 22. Rh7 Qe5 23. Qxe5 Nxe5 24. Nf6 Ke7 25. Rh8 1-0

[Event "St Eufemia d'Aspromonte op-B 4th"]
[Site "St Eufemia d'Aspromonte"]
[Date "2011.01.04"]
[Round "5"]
[White "Della Rocca, Giorgio"]
[Black "Carlomagno, Vincenzo"]
[Result "1-0"]
[WhiteElo "1881"]
[BlackElo "1870"]
[PlyCount "77"]
[EventDate "2011.01.02"]
[EventType "swiss"]
[EventRounds "8"]
[EventCountry "ITA"]
[SourceTitle "EXT 2013"]
[Source "ChessBase"]
[SourceDate "2012.11.22"]
[SourceVersion "1"]
[SourceVersionDate "2012.11.22"]
[SourceQuality "1"]

1. e4 c5 2. Nc3 d6 3. f4 Nc6 4. Nf3 g6 5. Bc4 Bg7 6. 0-0 e6 7. f5 gxf5 8. exf5 d5 9. fxe6 fxe6 10. Bb5 Nf6 11. Ne5 Qc7 12. Ng4 0-0 13. Bxc6 bxc6 14. d3 Bd7 15. Nxf6+ Bxf6 16. Qg4+ Kh8 17. Bg5 Bd4+ 18. Kh1 Qd6 19. Bh6 Rxf1+ 20. Rxf1 Rg8 21. Qh4 Be8 22. Ne2 Be5 23. Nf4 Bf7 24. Nh3 Bg6 25. Ng5 Qd7 26. Bf8 Bxb2 27. Rf7 Rxf8 28. Rxf8+ Kg7 29. Rf3 h6 30. Qf4 Qe7 31. Nh3 e5 32. Qd2 e4 33. dxe4 dxe4 34. Rg3 Kh7 35. Nf4 Bf5 36. c3 Qb7 37. Nh5 Bg6 38. Nf6+ Kh8 39. Rxg6 1-0

[Event "St Eufemia d'Aspromonte op-B 4th"]
[Site "St Eufemia d'Aspromonte"]
[Date "2011.01.04"]
[Round "4"]
[White "Violi, Vincenzo"]
[Black "Della Rocca, Giorgio"]
[Result "1/2-1/2"]
[WhiteElo "1798"]
[BlackElo "1881"]
[PlyCount "43"]
[EventDate "2011.01.02"]
[EventType "swiss"]
[EventRounds "8"]
[EventCountry "ITA"]
[SourceTitle "EXT 2013"]
[Source "ChessBase"]
[SourceDate "2012.11.22"]
[SourceVersion "1"]
[SourceVersionDate "2012.11.22"]
[SourceQuality "1"]

1. e4 d6 2. d4 g6 3. Nc3 Bg7 4. Bg5 c5 5. dxc5 Qa5 6. Qd2 Qxc5 7. Nge2 Nf6 8. f3 0-0 9. 0-0-0 Nc6 10. Bh6 Bd7 11. h4 Ne5 12. Ng3 b5 13. Bxg7 Kxg7 14. h5 Rfc8 15. hxg6 fxg6 16. Qh6+ Kg8 17. Rd2 Nf7 18. Qh4 Be6 19. Nd5 Bxd5 20. exd5 Qe3 21. Ne4 Nxe4 22. Qxe4 1/2-1/2

[Event "Costa Viola op 3rd"]
[Site "St Eufemia d'Aspromonte"]
[Date "2010.01.05"]
[Round "7"]
[White "Carrozza, Gregorio"]
[Black "Della Rocca, Giorgio"]
[Result "1-0"]
[WhiteElo "1616"]
[BlackElo "1896"]
[PlyCount "33"]
[EventDate "2010.01.02"]
[EventType "swiss"]
[EventRounds "7"]
[EventCountry "ITA"]
[SourceTitle "EXT 2011"]
[Source "ChessBase"]
[SourceDate "2010.11.26"]
[SourceVersion "1"]
[SourceVersionDate "2010.11.26"]
[SourceQuality "1"]

1. e4 g6 2. Nf3 d6 3. d4 Bg7 4. Be2 Nf6 5. Nc3 c6 6. Be3 Nbd7 7. 0-0 0-0 8. h3 e5 9. Qd2 Re8 10. dxe5 Nxe5 11. Rad1 Nxf3+ 12. Bxf3 Re6 13. Rfe1 Ne8 14. Bg4 Bxc3 15. Qxc3 Rxe4 16. Bf3 Re5 17. Qxe5 1-0

[Event "Costa Viola op 3rd"]
[Site "St Eufemia d'Aspromonte"]
[Date "2010.01.05"]
[Round "6"]
[White "Della Rocca, Giorgio"]
[Black "Ielapi, Vito"]
[Result "0-1"]
[WhiteElo "1896"]
[BlackElo "1830"]
[PlyCount "84"]
[EventDate "2010.01.02"]
[EventType "swiss"]
[EventRounds "7"]
[EventCountry "ITA"]
[SourceTitle "EXT 2011"]
[Source "ChessBase"]
[SourceDate "2010.11.26"]
[SourceVersion "1"]
[SourceVersionDate "2010.11.26"]
[SourceQuality "1"]

1. c4 g6 2. Nc3 Bg7 3. Nf3 d6 4. d4 Nf6 5. Bf4 Nh5 6. Bg5 Nc6 7. Qd2 Bg4 8. Be3 Nf6 9. h3 Bd7 10. Bh6 Bxh6 11. Qxh6 e5 12. dxe5 dxe5 13. Rd1 Qe7 14. Nd5 Nxd5 15. cxd5 Nb4 16. a3 Nc2+ 17. Kd2 Ba4 18. Qg7 0-0-0 19. e4 Qc5 20. Be2 Nd4 21. Nxd4 Qxd4+ 22. Kc1 Bxd1 23. Rxd1 Qxe4 24. Rd2 f5 25. d6 Qc6+ 26. Kb1 Qd7 27. Qxe5 cxd6 28. Rc2+ Kb8 29. Qd5 Rc8 30. Bb5 Qe7 31. Re2 Qc7 32. Bd3 Rhe8 33. Rc2 Qb6 34. Rxc8+ Rxc8 35. Ka2 a6 36. f3 Qc5 37. Qxc5 Rxc5 38. Kb1 Kc7 39. Bc2 d5 40. Kc1 Kd6 41. Kd2 Ke5 42. g3 Kd4 0-1

[Event "Condino op"]
[Site "Condino"]
[Date "2009.07.28"]
[Round "2"]
[White "Della Rocca, Giorgio"]
[Black "Hamperl, Fred A"]
[Result "0-1"]
[WhiteElo "1910"]
[BlackElo "2075"]
[PlyCount "110"]
[EventDate "2009.07.27"]
[EventType "swiss"]
[EventRounds "7"]
[EventCountry "ITA"]
[SourceTitle "CBM 131 Extra"]
[Source "ChessBase"]
[SourceDate "2009.09.03"]
[SourceVersion "2"]
[SourceVersionDate "2009.09.16"]
[SourceQuality "1"]

1. c4 e5 2. Nc3 Nc6 3. g3 g6 4. Bg2 Bg7 5. d3 d6 6. Nf3 f5 7. Bg5 Nf6 8. Nd5 h6 9. Bxf6 Bxf6 10. h4 Be6 11. Nd2 0-0 12. e4 f4 13. gxf4 Bxh4 14. Nf3 Bg4 15. Bh3 Bxf3 16. Qxf3 Nd4 17. Qg4 Kh7 18. Qd7+ Qxd7 19. Bxd7 c6 20. Nc7 Rad8 21. Bg4 Bf6 22. f5 Nc2+ 23. Kd2 Nxa1 24. Ne6 Rde8 25. fxg6+ Kxg6 26. Bf5+ Kf7 27. Nxf8 Rxf8 28. Rxa1 Rg8 29. Ke2 b6 30. Rh1 Bg5 31. Rg1 Rd8 32. b3 Kf6 33. Bg4 Ke7 34. Bf5 d5 35. Rb1 Kd6 36. Rb2 Kc5 37. cxd5 cxd5 38. Rc2+ Kb4 39. Rc7 a5 40. Rb7 Rd6 41. exd5 Ka3 42. Rd7 Rxd7 43. Bxd7 Kxa2 44. Ba4 Ka3 45. d6 Kb4 46. Be8 Kc5 47. d7 Kd4 48. Bg6 b5 49. Bf5 h5 50. Bg6 h4 51. Kf3 a4 52. bxa4 bxa4 53. Kg4 Bd8 54. Kf3 a3 55. Bf7 h3 0-1

[Event "Vanzaghello op 5th"]
[Site "Vanzaghello"]
[Date "2009.05.09"]
[Round "3"]
[White "Ragoso, Mario"]
[Black "Della Rocca, Giorgio"]
[Result "0-1"]
[WhiteElo "1792"]
[BlackElo "1893"]
[PlyCount "78"]
[EventDate "2009.05.08"]
[EventType "swiss"]
[EventRounds "5"]
[EventCountry "ITA"]
[SourceTitle "EXT 2011"]
[Source "ChessBase"]
[SourceDate "2010.11.26"]
[SourceVersion "1"]
[SourceVersionDate "2010.11.26"]
[SourceQuality "1"]

1. d4 Nf6 2. c4 g6 3. Nc3 Bg7 4. e4 d6 5. Nf3 0-0 6. Be2 e5 7. 0-0 Nc6 8. d5 Ne7 9. Ne1 Nd7 10. Be3 f5 11. f3 f4 12. Bf2 g5 13. Nd3 a6 14. c5 Qe8 15. cxd6 cxd6 16. Rc1 Qg6 17. Na4 h5 18. b3 b5 19. Nb6 Nxb6 20. Bxb6 g4 21. Qd2 g3 22. h3 Qf6 23. Nb4 Kh8 24. Nc6 Nxc6 25. Rxc6 Rg8 26. Qb4 Bf8 27. Rfc1 Be7 28. Qc3 Qh4 29. Rxc8 Raxc8 30. Qxc8 Rxc8 31. Rxc8+ Kg7 32. Rc6 Qf6 33. Ba5 Bd8 34. Rxa6 Bxa5 35. Rxa5 Qe7 36. b4 Qc7 37. Bxb5 Qc1+ 38. Bf1 Qe3+ 39. Kh1 Qf2 0-1

[Event "Bagnara Calabra op-B"]
[Site "Bagnara Calabra"]
[Date "2009.01.04"]
[Round "3"]
[White "Caporale, Giuseppe Guido"]
[Black "Della Rocca, Giorgio"]
[Result "1-0"]
[WhiteElo "1815"]
[BlackElo "1893"]
[PlyCount "95"]
[EventDate "2009.01.02"]
[EventType "swiss"]
[EventRounds "7"]
[EventCountry "ITA"]
[SourceTitle "CBM 128 Extra"]
[Source "ChessBase"]
[SourceDate "2009.03.05"]
[SourceVersion "2"]
[SourceVersionDate "2009.03.25"]
[SourceQuality "1"]

1. e4 g6 2. d4 Bg7 3. Nf3 d6 4. Nc3 Bg4 5. Bc4 e6 6. Be3 a6 7. h3 Bxf3 8. Qxf3 c5 9. dxc5 Qa5 10. 0-0 Bxc3 11. bxc3 Qxc3 12. Qe2 Nf6 13. Rad1 Nc6 14. cxd6 0-0 15. f3 Nh5 16. Qd3 Qxd3 17. Bxd3 Ne5 18. Kf2 f5 19. exf5 gxf5 20. Bd4 Nxd3+ 21. Rxd3 Rac8 22. Rd2 f4 23. Re1 Rc6 24. Rxe6 Ng3 25. Bb2 Nf5 26. Ba3 Rd8 27. Rf6 Ne3 28. Rxf4 Nc4 29. Rd3 Nxa3 30. Rxa3 Rxc2+ 31. Kg3 Rxd6 32. Re3 Rg6+ 33. Rg4 Rxg4+ 34. hxg4 Rxa2 35. Re7 Rb2 36. f4 b5 37. Ra7 Ra2 38. Kh4 b4 39. Kg5 Kf8 40. Kf6 Ke8 41. Rxh7 Rxg2 42. g5 b3 43. Rb7 b2 44. g6 a5 45. g7 a4 46. Rxb2 Rg4 47. g8Q+ Rxg8 48. Rb8+ 1-0